UM Logo

Do franchise firms manage their earnings more? Investigating the earnings management of restaurant firms / (Record no. 21108)

MARC details
000 -LEADER
fixed length control field 00963nam a22002417a 4500
003 - CONTROL NUMBER IDENTIFIER
control field OSt
005 - DATE AND TIME OF LATEST TRANSACTION
control field 20260224111033.0
008 - FIXED-LENGTH DATA ELEMENTS--GENERAL INFORMATION
fixed length control field 240830b ||||| |||| 00| 0 eng d
040 ## - CATALOGING SOURCE
Transcribing agency 0
082 ## - DEWEY DECIMAL CLASSIFICATION NUMBER
Classification number Dper 647.94068 In821 April-May 2019 v. 78-79
100 ## - MAIN ENTRY--PERSONAL NAME
Personal name Gim, Jaehee.
Relator term author.
9 (RLIN) 59570
245 ## - TITLE STATEMENT
Title Do franchise firms manage their earnings more? Investigating the earnings management of restaurant firms /
Statement of responsibility, etc. Jaehee Gim, Kyuwan Choi, and SooCheong (Shawn) Jang.
260 ## - PUBLICATION, DISTRIBUTION, ETC. (IMPRINT)
Place of publication, distribution, etc. Amsterdam ;
Name of publisher, distributor, etc. Elsevier ,
Date of publication, distribution, etc. May 2019.
300 ## - PHYSICAL DESCRIPTION
Extent Volume 79, pages 70-77 :
Other physical details illustration ;
Dimensions 28 cm.
500 ## - GENERAL NOTE
General note International Journal of Hospitality Management, vol. 79, pages 70-77, May 2019.
650 #0 - SUBJECT ADDED ENTRY--TOPICAL TERM
Topical term or geographic name as entry element Earnings management.
9 (RLIN) 68792
650 #0 - SUBJECT ADDED ENTRY--TOPICAL TERM
Topical term or geographic name as entry element Franchising.
9 (RLIN) 64862
650 #0 - SUBJECT ADDED ENTRY--TOPICAL TERM
Topical term or geographic name as entry element Restaurant firms.
9 (RLIN) 68702
700 ## - ADDED ENTRY--PERSONAL NAME
Personal name Gim, Jaehee.
Relator term author.
9 (RLIN) 59570
700 ## - ADDED ENTRY--PERSONAL NAME
Personal name Choi, Kyuwan.
Relator term author.
9 (RLIN) 59571
700 ## - ADDED ENTRY--PERSONAL NAME
Personal name Jang, SooCheong (Shawn).
Relator term author.
9 (RLIN) 59572
942 ## - ADDED ENTRY ELEMENTS (KOHA)
Source of classification or shelving scheme Dewey Decimal Classification
Koha item type Periodicals
Holdings
Withdrawn status Lost status Source of classification or shelving scheme Damaged status Not for loan Collection code Home library Current library Date acquired Total Checkouts Full call number Date last seen Price effective from Koha item type Public note
    Dewey Decimal Classification     Periodicals UM Digos College - LIC UM Digos College - LIC 08/30/2024   Dper 647.94068 In821 April-May 2019 v. 78-79 08/30/2024 08/30/2024 Periodicals Periodical Article